[Event "ESP-ch U14"]
[Site "Salobrena"]
[Date "2020.08.03"]
[Round "1"]
[White "Valdivia Khudiakova, Yulia"]
[Black "Garijo Perez, Hugo"]
[Result "0-1"]
[WhiteElo "1444"]
[BlackElo "1785"]
[PlyCount "100"]
[EventDate "2020.08.03"]
[EventType "swiss"]
[EventRounds "9"]
[EventCountry "ESP"]
[SourceTitle "EXT 2021"]
[Source "ChessBase"]
[SourceDate "2020.10.23"]
[SourceVersion "1"]
[SourceVersionDate "2020.10.23"]
[SourceQuality "1"]

1. e4 c5 2. Nf3 g6 3. d3 Bg7 4. c3 d6 5. Be2 Nc6 6. 0-0 Nf6 7. a4 0-0 8. h3 Qc7 9. Be3 b6 10. Na3 Bb7 11. Qd2 Na5 12. Bd1 c4 13. Nb5 Qb8 14. Bg5 a6 15. Nbd4 e5 16. Ne2 Nd7 17. Bc2 cxd3 18. Qxd3 Nc5 19. Qd1 Nxe4 20. Bxe4 Bxe4 21. Be7 Bxf3 22. gxf3 Re8 23. Bxd6 Qc8 24. Kg2 Rd8 25. Ng3 Qc6 26. Ne4 Nc4 27. Qb3 Nxd6 28. Ng5 h6 29. Ne4 Nxe4 30. fxe4 Qxe4+ 31. Kh2 Qc6 32. Rg1 Rd2 33. Raf1 Rad8 34. Qb4 Qc5 35. Qxc5 bxc5 36. b4 cxb4 37. cxb4 Rb2 38. Rg4 h5 39. Re4 Rd4 40. Re3 Rbxb4 41. a5 Ra4 42. Kg2 Rxa5 43. Rfe1 Ra2 44. R1e2 Rxe2 45. Rxe2 a5 46. Ra2 a4 47. Ra3 Bf8 48. Re3 Bd6 49. f3 a3 50. Re2 Rb4 0-1

[Event "ESP-ch U10"]
[Site "Granada"]
[Date "2016.06.28"]
[Round "3"]
[White "Valdivia Khudiakova, Yulia"]
[Black "Martin Morales, Fernando"]
[Result "1-0"]
[WhiteElo "1186"]
[BlackElo "1376"]
[PlyCount "97"]
[EventDate "2016.06.27"]
[EventType "swiss"]
[EventRounds "9"]
[EventCountry "ESP"]
[SourceTitle "EXT 2024"]
[Source "ChessBase"]
[SourceDate "2023.10.10"]
[SourceVersion "1"]
[SourceVersionDate "2023.10.10"]
[SourceQuality "1"]

1. e4 d6 2. d4 Nf6 3. Nc3 g6 4. Bc4 Bg7 5. Nf3 0-0 6. 0-0 Bg4 7. h3 Bxf3 8. Qxf3 Nc6 9. Be3 e5 10. d5 Ne7 11. Bg5 Nd7 12. a4 h6 13. Bh4 g5 14. Bg3 f5 15. exf5 Nxf5 16. Qe4 Nc5 17. Qg4 Qe8 18. Rfe1 Qg6 19. Bd3 Nxd3 20. cxd3 Nxg3 21. Qxg3 Rf4 22. Nb5 Qf7 23. Re4 a6 24. Nc3 Rf8 25. f3 c6 26. dxc6 bxc6 27. b4 d5 28. Rxf4 exf4 29. Qe1 Re8 30. Qd2 Bd4+ 31. Kf1 Qf6 32. Rc1 Be3 33. Qe1 d4 34. Ne4 Qg6 35. Rc5 Re6 36. Ra5 c5 37. Nxc5 Rb6 38. b5 axb5 39. axb5 Qf5 40. Qb4 Rb8 41. b6 Qg6 42. b7 Qe8 43. Qb5 Qe7 44. Nd7 Bd2 45. Qd5+ Kh7 46. Qf5+ Kh8 47. Re5 Qg7 48. Nxb8 Qxb7 49. Qf8+ 1-0